Social'no-ekonomičeskaja effektivnost' obščestvennogo proizvodstva suščnost', komponenty i voprosy ich ocenki

Salvato in:
Dettagli Bibliografici
Natura: Libro
Lingua:russo
Pubblicazione: Minsk Nauka i technika 1983
Tags: Aggiungi Tag
Nessun Tag, puoi essere il primo ad aggiungerne!!

MARC

LEADER 00000nam a2200000 4500
001 c133610
005 20041019155258.7
041 0 |a rus 
044 |a BY 
245 1 0 |a Social'no-ekonomičeskaja effektivnost' obščestvennogo proizvodstva  |b suščnost', komponenty i voprosy ich ocenki 
264 1 |a Minsk  |b Nauka i technika  |c 1983 
300 |a 156 s.